6-kirjaimista maantiedettä #3 - Statistics

Yleistilastot
  • Tätä visaa on pelattu 600 kertaa
  • Keskiarvotulos 14 / 24
Vastaustilastot
Vihje Vastaus % Oikein
Maailman pinta-alaltaan suurin valtio Venäjä
99%
Kajaani on tämän maakunnan suurin kaupunki Kainuu
87%
Espanjan pääkaupunki Madrid
87%
Kanadan pääkaupunki Ottawa
87%
Viron, Latvian ja Liettuan muodostama maantieteellinen alue Baltia
85%
Sekä Pyreneille että Alpeille ulottuva valtio Ranska
80%
Trinidadin kanssa valtion muodostava saari Tobago
78%
Sen merkittäviin saariin kuuluvat muun muassa Fyn ja Bornholm Tanska
67%
Kroatian suurin kaupunki Zagreb
64%
Ukrainan suurin rannikkokaupunki Odessa
62%
Sulttaanin johtama pieni Kaakkois-Aasian valtio Brunei
59%
Sen suuret historialliset alueet ovat Böömi ja Määri Tšekki
58%
Tässä valtiossa tapahtui kansanmurha vuonna 1994 Ruanda
53%
Islamin toiseksi pyhin kaupunki Medina
48%
La Scalan oopperatalo sijaitsee tässä kaupungissa Milano
45%
Turkin korkein vuori ja Armenian kansallissymboli Ararat
42%
Noin 600 miljoonaa ihmistä elää tämän joen valuma-alueella Ganges
38%
Aiemmin nimellä Pohjois-Rhodesia tunnettu valtio Sambia
38%
Sen pääkaupunki on Belmopan Belize
34%
Aiemmin "Lähi-idän Pariisina" tunnettu kaupunki Beirut
32%
Indokiinan pisin joki Mekong
32%
Kirgisian pääkaupunki Biškek
31%
Eteläisin Japanin neljästä pääsaaresta Kyushu
26%
Kiinan kansantasavallan suurin saari Hainan
20%
Ehtoja vastaavia visoja ei löytynyt
Tulosjakauma
Jokaisen tuloksen saaneiden osuus
Persentiili vastausten määrän mukaan
Tuloshistoriasi
Et ole pelannut tätä visaa